| 000 | 00643nam a2200169Ia 4500 | ||
|---|---|---|---|
| 008 | 220216s9999 xx 000 0 und d | ||
| 100 | _aSailajadevi T. | ||
| 245 | 0 | _aInfluence of weather on the incidence of Corynespora leaf fall disease of Hevea in Nettana | |
| 260 |
_bIn: Preprints of Papers. International Natural Rubber Conference, India 2005, 6-8 November 2005, Rubber Research Institute of India, Kottayam, Kerala, India, pp. 505-509. _c2005 |
||
| 650 | _aCorynespora leaf fall | ||
| 650 | _aKarnataka | ||
| 650 | _aMeteorological parameter | ||
| 700 | _aJacob C.K. | ||
| 700 | _aManju M.J. | ||
| 700 | _aNair R.B. | ||
| 942 | _cBS | ||
| 999 |
_c52877 _d52877 |
||